000 00661nam a2200253Ia 4500
003 OSt
005 20220918163425.0
006 a|||||r|||| 00| 0
007 ta
008 220917b |||||||| |||| 00| 0 eng d
020 _a0 7171 0986 0 (pbk)
024 _a32,021
037 _cTextual
040 _aARTS
_cARTS
_beng
041 _2eng
_aeng
082 _aO111,3M82:g, M0
100 _aCostello Peter
_913069
245 0 _aJames Joyce
260 _aDublin
_bGill And Macmillan
_c1980
300 _a135p.
_ccm.
650 _aENGLISH LITERATURE
942 _hO111,3M82:g, M0
_cTEXL
_2CC
999 _c119522
_d119522